000 00615nam a2200205Ia 4500
005 20260415160336.0
008 008 250505s9999 xx 000 0 eng d
037 _aTextual
040 _aFEDL
_beng
_cFEDL
041 _aeng
_2eng
084 _a910.7 BAK
_qFEDL
100 _aBaker J N L
_997083
245 0 _aHistory of geographical discovery and exploration
250 _aNew Editon Revised
260 _aLondon, UK
_bGeorge G Harrap and Co Ltd
_c1945
300 _a552p
490 _aHarrap's new geographical series
942 _cTEXL
_h910.7 BAK
999 _c1321876
_d1321876